La necesidad de un programa nacional de fomento de la pequeña industria y artesanía

Na minha lista:
Detalhes bibliográficos
Autor Corporativo: Costa Rica. Oficina de Planificación Nacional y Política Económica
Formato: Texto
Publicado em: San José :
Tags: Adicionar Tag
Sem tags, seja o primeiro a adicionar uma tag!

MARC

LEADER 00000 a a2200000 04500
001 17093
003
040
090 |a 0002 CR8375n  
110 |a Costa Rica. Oficina de Planificación Nacional y Política Económica  
245 |a La necesidad de un programa nacional de fomento de la pequeña industria y artesanía  
260 |a San José :  
300 |a 29 p.  
999 |c 11587  |d 11587